| 000 | 01091nam a22002657a 4500 | ||
|---|---|---|---|
| 001 | BD-DhSAU 9278 | ||
| 003 | BD-DhSAU | ||
| 005 | 20260209161123.0 | ||
| 008 | 150613b2018 bg a|||| m||| 00| 0 eng d | ||
| 040 | _aBD-DhSAU | ||
| 082 |
_222 _a658.8 _bF298 |
||
| 100 |
_aCHOWDHURY, FAZLAY RABBI _eRegistration # 17-08101 |
||
| 245 |
_aFarmers’ knowledge and determinants of
pheromone trap adoption in the narsingdi
district of bangladesh /
_bMS thesis |
||
| 260 |
_aSher-e-Bangla Agricultural University : _bDepartment of Agribusiness and marketing, _c2024. |
||
| 300 |
_avi, 40p. : _bill. ; _c30 cm. |
||
| 500 | _aMS thesis of Department of Agribusiness and marketing, Faculty of Agribusiness , Sher-e-Bangla Agricultural University, Dhaka, Bangladesh | ||
| 504 | _aIncludes bibliographical reference. | ||
| 590 | _aNazmul | ||
| 650 | _adeterminants of pheromone trap adoption | ||
| 650 | _anarsingdi district | ||
| 700 |
_aAssoci. Prof. Dr. Md. Rashidul Hasan _eSuperviser |
||
| 700 |
_aProf. Dr. Md. Sadique Rahman _eCo-superviser |
||
| 942 |
_2ddc _cTHESIS |
||
| 999 |
_c18289 _d18288 |
||